000 00295nam a22001217a 4500
008 180521b xxu||||| |||| 00| 0 eng d
041 _aeng
080 _a043.3
100 _a0
101 _aSHKI-BTH
245 _aImplementimi i shërbimeve studentore në Cloud (RE)
_cAzizi,S
942 _2udc
_cBK
999 _c46084
_d46084